00795nam a22002057a 450000500170000001000130001702000110003003500130004103700160005404000120007008200170008210000170009924502190011624600060033526000360034127000530037730000280043065000740045865000570053220170124110224.0 aA-459676 c175.00 aA-459676 bCen Lib/Ret aDPLbEN a345.456bVER aVerma, R. S. aDelhi muncipals digest :cby R. S. Vermab containing cases under Delhi Municipal Corporation Act, 1957, Punjab Municipal Act, 1911, and Delhi Development Act, 1957, with extracts of these acts as amended in 1984 / b  bVerma Publicationsc1991aDelhi bDelhiaChamber N0.83, Tis Hazari Courts e110054 alxxxiv,112p. c22cm(Hb) aMunicipal corporations -- India -- Delhi (Union Territory) -- Digests aMunicipal corporations -- India -- Punjab -- Digests